| 000 | 00000nam##2200000za#4500 |
| 001 | 9.686195 |
| 003 | CaOODSP |
| 005 | 20210624230426 |
| 007 | cr ||||||||||| |
| 008 | 150407|2001||||xxc|||||o f|0| 0 eng|d |
| 020 | |a0-662-30656-2 |
| 040 | |aCaOODSP|beng |
| 043 | |an-cn--- |
| 086 | 1 |aC2-574/2001E-PDF |
| 110 | 1 |aCanada. |bIndustry Canada. |
| 245 | 14|aThe new national dream : |h[electronic resource]|bnetworking the nation for broadband access / |c[by] the National Broadband Task Force. |
| 246 | 1 |iOn title page : |aReport of the National Broadband Task Force |
| 260 | |aOttawa - Ontario : |bIndustry Canada |c[2001]. |
| 300 | |a109p.|bfigs. (some coloured), glossary, graphs, references, table |
| 500 | |aThe catalogue number (C2-574/2001E) and ISBN (0-662-30655-4) for the print edition have been incorrectly copied in this electronic publication. |
| 504 | |aBibliography. |
| 590 | |a11-28-Supp|b2011-11-17 |
| 690 | 07|aComputer networks|2gcpds |
| 690 | 07|aInternet|2gcpds |
| 690 | 07|aTelecommunications|2gcpds |
| 775 | 08|tLe nouveau rêve national : |w(CaOODSP)9.630702 |
| 776 | 0#|tThe new national dream: networking the nation for broadband access : |w(CaOODSP)9.648212 |
| 856 | 40|ahttp://publications.gc.ca|qPDF|s1.47 MB|uhttps://publications.gc.ca/collections/Collection/C2-574-2001E.pdf |
| 986 | |a53497E |